Countries in FIBA World Cup 1963 - Statistics

General Stats
  • This quiz has been taken 9 times
  • The average score is 10 of 14
Answer Stats
Rank Country % Correct
5th Place France
100%
7th Place Italy
100%
4th Place United States
100%
8th Place Argentina
86%
Host (1st Place) Brazil
86%
11th Place Canada
86%
9th Place Mexico
86%
3rd Place Soviet Union
86%
13th Place Japan
57%
10th Place Uruguay
57%
Runners-Up (2nd Place) Yugoslavia
57%
Suspended Philippines
43%
6th Place Puerto Rico
29%
12th Place Peru
14%
No matching quizzes found
Score Distribution
Percent of People with Each Score
Percentile by Number Answered
Your Score History
You have not taken this quiz